[Event "URS-ch U26"]
[Site "Riga"]
[Date "1980.??.??"]
[Round "?"]
[White "Lputian, Smbat G"]
[Black "Polovodin, Igor A"]
[Result "1/2-1/2"]
[WhiteElo "2445"]
[BlackElo "2420"]

1.d4 Nf6 2.c4 e6 3.Nf3 d5 4.Nc3 Be7 5.Bg5 O-O 6.Qc2 Ne4 7.Bxe7 Qxe7 8.e3 Nxc3
9.bxc3 Nd7 10.Bd3 h6 11.O-O c5 12.a4 b6 13.cxd5 exd5 14.a5 c4 15.Bh7+ Kh8
16.axb6 Nf6 17.Rxa7 Rxa7 18.bxa7 Qxa7 19.Bf5 Bxf5 20.Qxf5 Qa3 21.g4 Qxc3
22.h4 Qd3 23.Qxd3 cxd3 24.Ne5 d2 25.Rd1 Ne4 26.Nf3 f5 27.gxf5 Rxf5 28.Nxd2 Nxd2
29.Rxd2 Rh5 30.Rc2 Rxh4 31.Rc5 Rh5 32.f3 Rf5 33.Kg2 g6 34.e4 dxe4 35.fxe4 Rf4
36.Re5 Kg7 37.d5 Rf6 38.Re7+ Rf7 39.Re8 Rf8 40.Rxf8 Kxf8 41.Kg3 Ke7 42.e5  1/2-1/2

[Event "URS-ch U26"]
[Site "Riga"]
[Date "1980.??.??"]
[Round "?"]
[White "Lputian, Smbat G"]
[Black "Vladimirov, Evgeny"]
[Result "1/2-1/2"]
[WhiteElo "2445"]
[BlackElo "2440"]

1.d4 Nf6 2.c4 e6 3.Nf3 d5 4.Nc3 Be7 5.Bg5 O-O 6.e3 h6 7.Bxf6 Bxf6 8.Rc1 c6
9.Bd3 Nd7 10.cxd5 exd5 11.O-O Be7 12.Bb1 Nf6 13.Ne5 Re8 14.Qd3 Bf8 15.f4 g6
16.Nxf7 Kxf7 17.Qxg6+ Ke7 18.Rfe1 Be6 19.e4 dxe4 20.Nxe4 Qxd4+ 21.Nf2 Qxf4
22.Bf5 Kd6 23.Bxe6 Rxe6 24.Rcd1+ Ke7 25.Rxe6+ Kxe6 26.Re1+ Kd6 27.Ne4+ Kc7
28.Qf7+ Kb6 29.Qb3+ Kc7 30.Qf7+  1/2-1/2

[Event "URS-ch U26"]
[Site "Riga"]
[Date "1980.??.??"]
[Round "?"]
[White "Lputian, Smbat G"]
[Black "Yurtaev, Leonid"]
[Result "1/2-1/2"]
[WhiteElo "2445"]
[BlackElo "2365"]

1.d4 Nf6 2.Nf3 e6 3.c4 c5 4.e3 d5 5.a3 Nc6 6.cxd5 exd5 7.dxc5 Bxc5 8.b4 Bb6
9.Bb2 O-O 10.Be2 Re8 11.b5 Na5 12.Nbd2 Bg4 13.O-O Rc8 14.Rc1 Qe7 15.h3 Bh5
16.Qa4 Ne4 17.Nxe4 Qxe4 18.Bd4 Bxd4 19.Rxc8 Rxc8 20.Qxd4 Qxd4 21.Nxd4 Bg6
22.g4 Kf8 23.h4 Rc3 24.Rd1 Nc4 25.a4 Nb2 26.Ra1 Bd3 27.a5 a6 28.Bxd3 Nxd3
29.Rb1 Rc1+ 30.Rxc1 Nxc1 31.bxa6 bxa6 32.Kg2 Ke7 33.Nc6+ Kd6 34.Nb4 Nb3 35.Nxa6 Nxa5
36.Nb4 Nb3 37.Kf3 d4 38.Nd3  1/2-1/2

[Event "URS-ch U26"]
[Site "Riga"]
[Date "1980.??.??"]
[Round "?"]
[White "Lputian, Smbat G"]
[Black "Zaichik, Gennadi"]
[Result "0-1"]
[WhiteElo "2445"]
[BlackElo "2425"]

1.d4 Nf6 2.c4 d6 3.Nc3 Nbd7 4.e4 e5 5.d5 Be7 6.Nge2 O-O 7.Ng3 Ne8 8.h4 g6
9.Bh6 Ng7 10.Qd2 Bxh4 11.Be2 Nc5 12.b4 Nd7 13.O-O-O a5 14.b5 Be7 15.Rh2 Nc5
16.Rdh1 f5 17.Kb2 Bf6 18.Bxg7 Bxg7 19.Rxh7 Qf6 20.f3 f4 21.Nf1 Bd7 22.Qe1 a4
23.Ka3 Rfc8 24.Nd2 Qd8 25.Qh4 Qxh4 26.R7xh4 Kf7 27.Rb1 Bf6 28.Rh7+ Kg8 29.Rhh1 Bd8
30.Rh6 Kg7 31.Rbh1 c6 32.dxc6 bxc6 33.bxc6 Bxc6 34.Nd5 Bxd5 35.cxd5 Nb3 36.Nc4 Nd4
37.Bd3 Ba5 38.Rh7+ Kf6 39.Rd7 Nb5+ 40.Kb2 a3+ 41.Kb1 Bb4 42.Nb6 Nc3+ 43.Ka1 Rh8
44.Rdh7 Rxh7 45.Rxh7 Rd8 46.Rb7 Kg5 47.Na4 Ba5 48.Nxc3 Bxc3+ 49.Kb1 Bd4 50.Rb3 Bc5
51.Bb5 Rh8 52.Rc3 Rh2 53.Rc2 Be3 54.Re2 Kh4 55.Bd7 Kg3 56.Kc2 Bf2 57.Kd3 Kxg2
58.Bg4 Rh4 59.Rc2 Rxg4 60.fxg4 f3 61.g5 Kg3 62.Rc8 Bb6 63.Rb8 Ba5 64.Rf8  0-1

[Event "URS-ch U26"]
[Site "Riga"]
[Date "1980.??.??"]
[Round "?"]
[White "Psakhis, Lev"]
[Black "Lputian, Smbat G"]
[Result "1-0"]
[WhiteElo "2355"]
[BlackElo "2445"]

1.d4 e6 2.c4 d5 3.Nc3 Be7 4.Nf3 Nf6 5.cxd5 exd5 6.Bg5 c6 7.Qc2 g6 8.e4 dxe4
9.Bxf6 Bxf6 10.Qxe4+ Be6 11.Bc4 Qd6 12.O-O-O Nd7 13.Rhe1 O-O-O 14.Bxe6 fxe6
15.Qxe6 Qf4+ 16.Kb1 Rhe8 17.Qh3 h5 18.Re6 g5 19.Rxe8 Rxe8 20.Qxh5 Qf5+ 21.Ka1 Rh8
22.Qf7 Rf8 23.Qb3 g4 24.Nd2 Bxd4 25.Nde4 Qe5 26.Qa4 Bxc3 27.Nxc3 Qf4 28.Ne4 Nb6
29.Qd4 Nd5 30.Qxa7 Qxh2 31.g3 Qh6 32.Nc5 Qd6 33.Qa8+ Kc7 34.Qxf8  1-0

[Event "Yerevan"]
[Site "Yerevan"]
[Date "1980.??.??"]
[Round "2"]
[White "Dobosz, Henryk"]
[Black "Lputian, Smbat G"]
[Result "0-1"]
[WhiteElo "2385"]
[BlackElo "2445"]

1.d4 e6 2.Nf3 Nf6 3.c4 d5 4.Nc3 Be7 5.Bg5 O-O 6.e3 h6 7.Bxf6 Bxf6 8.Rc1 c6
9.Bd3 Nd7 10.cxd5 exd5 11.b4 b5 12.a4 a6 13.a5 Be7 14.Na2 Bb7 15.O-O Bd6
16.Bf5 Re8 17.Ne1 Nf6 18.Nd3 Qe7 19.g3 Bc8 20.Bxc8 Raxc8 21.Nc3 Qd7 22.Ne2 g5
23.Nc3 Kg7 24.Nc5 Qh3 25.Qf3 Bxc5 26.dxc5 Ne4 27.Rfd1 Re6 28.Qe2 f5 29.Qf1 Qxf1+
30.Kxf1 Nxc3 31.Rxc3 Re4 32.Rd4 Rce8 33.Rcd3 Kf6 34.Ke2 g4 35.Rd1 Rxd4 36.Rxd4 Re4
37.Kd3 Ke5 38.Rxe4+ fxe4+ 39.Kc2 d4 40.exd4+ Kxd4 41.Kd2 Kc4 42.Ke3 Kxb4
43.Kd4 Kxa5  0-1

[Event "Yerevan"]
[Site "Yerevan"]
[Date "1980.??.??"]
[Round "5"]
[White "Lputian, Smbat G"]
[Black "Grigorian, Karen Ashotovich"]
[Result "1/2-1/2"]
[WhiteElo "2445"]
[BlackElo "2475"]

1.d4 d5 2.c4 e6 3.Nf3 Nf6 4.Nc3 Be7 5.Bg5 h6 6.Bxf6 Bxf6 7.e3 O-O 8.Rc1 c6
9.Bd3 Nd7 10.cxd5 exd5 11.b4 Be7 12.b5 Ba3 13.Rc2 Bd6 14.O-O Nf6 15.bxc6 bxc6
16.e4 dxe4 17.Nxe4 Re8 18.Re1 Nxe4 19.Rxe4 Bd7 20.Qe2 Rb8 21.Rc1 g6 22.Qe3 Kg7
23.Ne5 Bf5 24.Nxc6 Rxe4 25.Bxe4 Qh4 26.Bxf5 Qxh2+ 27.Kf1 Rb2 28.Rc2 Rb1+
29.Ke2 Qh1 30.Qh3 Qd1+ 31.Ke3 Qe1+ 32.Kf3 Qd1+ 33.Ke3 Qe1+ 34.Kf3 Qd1+  1/2-1/2

[Event "Yerevan"]
[Site "Yerevan"]
[Date "1980.??.??"]
[Round "6"]
[White "Lputian, Smbat G"]
[Black "Petrosian, Arshak B"]
[Result "1/2-1/2"]
[WhiteElo "2445"]
[BlackElo "2435"]

1.d4 d5 2.c4 e6 3.Nc3 Be7 4.Nf3 Nf6 5.Bg5 h6 6.Bh4 O-O 7.e3 b6 8.Qc2 Bb7
9.Bxf6 Bxf6 10.cxd5 exd5 11.O-O-O c5 12.dxc5 Nd7 13.c6 Bxc6 14.Nd4 Bb7 15.Be2 a6
16.Kb1 b5 17.Bf3 Rc8 18.Qd2 Nc5 19.Nde2 Ne4 20.Nxe4 dxe4 21.Bg4 Qxd2 22.Rxd2 Rfd8
23.Rhd1 Rxd2 24.Rxd2 Rd8 25.Rxd8+ Bxd8 26.Nc3 g6 27.Kc2 Be7 28.Be2 Kg7 29.Kb3 f5
30.a4 b4 31.Nb1 a5 32.Nd2  1/2-1/2

[Event "Yerevan"]
[Site "Yerevan"]
[Date "1980.??.??"]
[Round "10"]
[White "Lputian, Smbat G"]
[Black "Tal, Mihail"]
[Result "0-1"]
[WhiteElo "2445"]
[BlackElo "2705"]

1.d4 e6 2.c4 Nf6 3.Nf3 c5 4.e3 d5 5.a3 a6 6.Nc3 dxc4 7.dxc5 Qc7 8.Bxc4 Bxc5
9.Qe2 b5 10.Bd3 Bb7 11.Bd2 Nbd7 12.Rc1 Qd6 13.O-O O-O 14.Ng5 Ne5 15.Be4 Bd5
16.Nxd5 exd5 17.Bb1 Rfe8 18.Rfd1 Nc4 19.b4 Bb6 20.Qf3 h6 21.Nh3 Rac8 22.Be1 Nb2
23.Rxc8 Rxc8 24.Bf5 Rc7 25.Ra1 g6 26.Qe2 Qe5 27.Bc2 d4 28.Rb1 dxe3 29.f4 Qd4
30.Bb3 Nd3 31.Kh1 Nc1  0-1

[Event "Yerevan"]
[Site "Yerevan"]
[Date "1980.??.??"]
[Round "14"]
[White "Lputian, Smbat G"]
[Black "Tukmakov, Vladimir B"]
[Result "1/2-1/2"]
[WhiteElo "2445"]
[BlackElo "2560"]

1.d4 Nf6 2.c4 e6 3.Nf3 b6 4.Bf4 Bb7 5.e3 Bb4+ 6.Nfd2 O-O 7.a3 Bd6 8.Bxd6 cxd6
9.Nc3 d5 10.Qf3 Bc6 11.Qh3 d6 12.cxd5 Nxd5 13.Bd3 h6 14.Rc1 Nxc3 15.Rxc3 Bb7
16.O-O Nd7 17.Rfc1 Nf6 18.Qg3 Qd7 19.h3 Rac8 20.Kh2 Rxc3 21.Rxc3 Qe7 22.e4 e5
23.d5 Nh5 24.Qf3 Nf4 25.g3 Nxd3 26.Qxd3 Qd7 27.g4 Rc8 28.Nf1 g6 29.Ne3 Kg7
30.b4 Ba6 31.Qc2 Rxc3 32.Qxc3 Bb5 33.Kg3 Qd8 34.Qc2 Qd7 35.h4 a5 36.Qc3 Qd8
37.bxa5 bxa5 38.f4 Qf6 39.f5 Qd8 40.Qb3 Qd7 41.Kf3 Ba6 42.Qb6 Qb5 43.Qxb5 Bxb5
44.fxg6 fxg6 45.h5 gxh5 46.gxh5 Kf6 47.Nf5 Be8 48.Nxd6 Bxh5+ 49.Ke3 Bd1 50.Nc4 h5
51.Nxa5 h4 52.Nc4 h3 53.Kf2 h2 54.Kg2 Bf3+ 55.Kxh2 Bxe4 56.Nb6 Ke7  1/2-1/2

[Event "Moscow-4teams"]
[Site "Moscow"]
[Date "1981.??.??"]
[Round "?"]
[White "Gufeld, Eduard"]
[Black "Lputian, Smbat G"]
[Result "1/2-1/2"]
[WhiteElo "2515"]
[BlackElo "2465"]

1.e4 e6 2.d4 d5 3.Nd2 c5 4.Ngf3 Nc6 5.exd5 exd5 6.Bb5 Bd6 7.dxc5 Bxc5 8.O-O Ne7
9.Nb3 Bd6 10.Bd2 O-O 11.Bc3 Bg4 12.Nbd4 Bh5 13.Re1 Bg6 14.Nh4 Qb6 15.a4 a6
16.Nxg6 hxg6 17.Nxc6 bxc6 18.Bf1 Nf5 19.a5 Qa7 20.Bd3 Rfe8 21.Qg4 Bc5 22.Re2 Rxe2
23.Qxe2 Nd4 24.Qe5 Ne6 25.Rf1 Qd7 26.Re1  1/2-1/2

[Event "Moscow-4teams"]
[Site "Moscow"]
[Date "1981.??.??"]
[Round "?"]
[White "Giorgadze, Tamaz"]
[Black "Lputian, Smbat G"]
[Result "1/2-1/2"]
[WhiteElo "2530"]
[BlackElo "2465"]

1.d4 d5 2.c4 e6 3.Nf3 Be7 4.Nc3 Nf6 5.Bg5 h6 6.Bh4 O-O 7.e3 b6 8.Qb3 Bb7
9.Bxf6 Bxf6 10.cxd5 exd5 11.Rd1 Re8 12.Bd3 c6 13.O-O Nd7 14.Rfe1 Nf8 15.e4 Ne6
16.e5 Be7 17.Bb1 g6 18.Qc2 Kg7 19.Qd2 Bg5 20.Qc2 Be7 21.Qd2 Bg5 22.Qc2 Be7  1/2-1/2

[Event "Moscow-4teams"]
[Site "Moscow"]
[Date "1981.??.??"]
[Round "?"]
[White "Lputian, Smbat G"]
[Black "Gufeld, Eduard"]
[Result "1/2-1/2"]
[WhiteElo "2465"]
[BlackElo "2515"]

1.d4 Nf6 2.c4 g6 3.Nc3 Bg7 4.Nf3 O-O 5.Bg5 c5 6.e3 cxd4 7.exd4 d5 8.Bxf6 Bxf6
9.Nxd5 Bg7 10.Ne3 Qa5+ 11.Qd2 Qxd2+ 12.Kxd2 Rd8 13.Bd3 Nc6 14.Nc2 Bg4 15.d5 Bxf3
16.gxf3 Ne5 17.Be2 e6 18.Ne3 exd5 19.cxd5 Bh6 20.Rhd1 Rxd5+ 21.Ke1 Rxd1+
22.Rxd1 Re8 23.Kf1 Kf8 24.b4 Rc8 25.b5 f5 26.h3 Bxe3 27.fxe3 Ke7 28.Rd4 b6
29.Ke1 Rc3 30.Ra4 Rc7 31.Kd2 Nd7 32.Rh4 Nf6 33.Bd3 Ke6 34.Rd4 Nd7 35.Bc4+ Ke7
36.Rh4 Nf6 37.Kd3 Rd7+ 38.Rd4 g5 39.Rxd7+  1/2-1/2

[Event "DSV-Turnier"]
[Site "Berlin-Ost"]
[Date "1982.??.??"]
[Round "1"]
[White "Pokojowczyk, Jerzy"]
[Black "Lputian, Smbat G"]
[Result "0-1"]
[WhiteElo "2420"]
[BlackElo "2480"]

1.e4 e6 2.d4 d5 3.Nd2 c5 4.exd5 exd5 5.Ngf3 Nc6 6.Bb5 Bd6 7.dxc5 Bxc5 8.Nb3 Bd6
9.O-O Ne7 10.Re1 O-O 11.Bg5 Re8 12.c3 Bg4 13.h3 Bh5 14.Be2 h6 15.Be3 Bg6
16.Nbd4 a6 17.Bd3 Bh5 18.Qd2 Bc7 19.Bf4 Bb6 20.Nxc6 bxc6 21.Ne5 f6 22.Bxh6 fxe5
23.Qg5 Bg6 24.Bxg6 gxh6 25.Qxh6 Nxg6 26.Qxg6+ Kf8 27.Re3 Bxe3 28.fxe3 Ke7
29.Qxc6 Qd6 30.Qb7+ Ke6 31.c4 dxc4 32.Qf3 Rg8 33.Rd1 Qc5 34.h4 Rad8  0-1

[Event "DSV-Turnier"]
[Site "Berlin-Ost"]
[Date "1982.??.??"]
[Round "3"]
[White "Ghitescu, Theodor"]
[Black "Lputian, Smbat G"]
[Result "0-1"]
[WhiteElo "2425"]
[BlackElo "2480"]

1.d4 d5 2.c4 e6 3.Nf3 Nf6 4.Nc3 Be7 5.Bg5 h6 6.Bh4 O-O 7.e3 b6 8.Qc2 Bb7
9.Bxf6 Bxf6 10.cxd5 exd5 11.O-O-O c5 12.dxc5 Nd7 13.Nxd5 Nxc5 14.Bc4 b5 15.Nxf6+ Qxf6
16.Bd5 Rac8 17.Kb1 Na4 18.Qe2 Bxd5 19.Rxd5 Rc4 20.Rd4 Rfc8 21.Rhd1 Rc2 22.Qxc2 Rxc2
23.Kxc2 Qg6+ 24.Kd2 Nxb2 25.Rc1 Qxg2 26.Ke2 Nc4 27.a4 a6 28.axb5 axb5 29.Rb1 Qg6
30.Rxb5 Qa6 31.Rb8+ Kh7 32.Ke1 Qa1+ 33.Ke2 Qa6 34.Ke1 Nb2 35.Rbd8 Na4 36.R8d6 Qa8
37.Rf4 Qb8 38.Rd2 Qb1+ 39.Rd1 Qb3 40.Nd4 Qb7 41.h4 Nc3 42.Rd3 Qb2 43.Rxc3 Qxc3+
44.Kf1 Qd3+ 45.Kg1 f6 46.Rf5 Qd1+ 47.Kh2 h5 48.Rf4 Qa1 49.Kg2 Qa6 50.Nf3 Qd6
51.Rd4 Qc6 52.Kg3 Qb5 53.Kg2 g5 54.hxg5 fxg5 55.Nxg5+ Qxg5+ 56.Kh2 Qe5+ 57.Rf4 Kg6
58.Kg2 Kg5 59.Rd4 Qb5 60.Rf4 Qc6+ 61.Kh2 h4 62.Rf8 Qd6+ 63.Rf4 Qb8 64.Kh3 Qc8+
65.Kh2 Qa8 66.Rf7 Qa6 67.Kg1 h3 68.Rf3 Qa1+  0-1

[Event "DSV-Turnier"]
[Site "Berlin-Ost"]
[Date "1982.??.??"]
[Round "4"]
[White "Lputian, Smbat G"]
[Black "Vaisser, Anatoli"]
[Result "1-0"]
[WhiteElo "2480"]
[BlackElo "2490"]

1.d4 Nf6 2.c4 e6 3.Nf3 c5 4.d5 exd5 5.cxd5 d6 6.Nc3 g6 7.e4 Bg7 8.Bf4 O-O
9.Nd2 b6 10.a4 Na6 11.Be2 Nb4 12.O-O Re8 13.h3 Ba6 14.Bxa6 Nxa6 15.Qf3 Qe7
16.a5 bxa5 17.Nc4 Nxe4 18.Rfe1 Ng5 19.Bxg5 Qxg5 20.Rxe8+ Rxe8 21.Nxd6 Rf8
22.Nc4 Nb4 23.d6 Nc2 24.Rxa5 Bd4 25.Ne2 Bg7 26.Rxa7 Nd4 27.Nxd4 cxd4 28.Ra1 Qb5
29.b3 Qb4 30.d7 Qb8 31.Re1 Qd8 32.Qc6 Qf6 33.Qc8 d3 34.Re8 Qg5 35.Ne3  1-0

[Event "DSV-Turnier"]
[Site "Berlin-Ost"]
[Date "1982.??.??"]
[Round "8"]
[White "Uhlmann, Wolfgang"]
[Black "Lputian, Smbat G"]
[Result "1-0"]
[WhiteElo "2510"]
[BlackElo "2480"]

1.c4 e6 2.Nc3 d5 3.d4 Be7 4.Nf3 Nf6 5.Bg5 h6 6.Bh4 O-O 7.Rc1 dxc4 8.e3 c5
9.Bxc4 cxd4 10.Nxd4 a6 11.O-O b5 12.Be2 Bb7 13.Bf3 Ra7 14.Bxb7 Rxb7 15.Qf3 Rd7
16.Rfd1 Qb6 17.a4 bxa4 18.Nxa4 Qb4 19.b3 Rfd8 20.h3 Qb7 21.Qxb7 Rxb7 22.Bg3 Ne4
23.Rc7 Rxb3 24.Rxe7 Nxg3 25.fxg3 Rxe3 26.Kf2 Ra3 27.Nc5 Ra2+ 28.Kg1 e5 29.Rf1 Nc6
30.Nxc6 Rdd2 31.Rfxf7 Rxg2+ 32.Kf1 Rxg3 33.Ne6 Ra1+ 34.Kf2 Rag1 35.Nxe5  1-0

[Event "DSV-Turnier"]
[Site "Berlin-Ost"]
[Date "1982.??.??"]
[Round "10"]
[White "Knaak, Rainer"]
[Black "Lputian, Smbat G"]
[Result "0-1"]
[WhiteElo "2505"]
[BlackElo "2480"]

1.d4 d5 2.c4 e6 3.Nc3 c5 4.cxd5 exd5 5.Nf3 Nc6 6.g3 Nf6 7.Bg2 Be7 8.O-O O-O
9.dxc5 Bxc5 10.Bg5 d4 11.Bxf6 Qxf6 12.Nd5 Qd8 13.Nd2 Re8 14.Rc1 Bb6 15.Nb3 Be6
16.Nf4 Qd6 17.Nxe6 Qxe6 18.Rc2 Rad8 19.Rd2 h5 20.a4 Qc4 21.Bxc6 bxc6 22.a5 Bc7
23.Rd3 h4 24.Qd2 h3 25.Rc1 Qd5 26.f3 Be5 27.Kf2 Rd6 28.Nc5 Rg6 29.b4 f5 30.Rg1 Bf6
31.Qd1 Kh7 32.f4 Re4 33.Qc2 Rxf4+ 34.Ke1 Be5 35.Qb3 Qg2  0-1

[Event "DSV-Turnier"]
[Site "Berlin-Ost"]
[Date "1982.??.??"]
[Round "11"]
[White "Lputian, Smbat G"]
[Black "Vera, Reynaldo"]
[Result "1/2-1/2"]
[WhiteElo "2480"]
[BlackElo "2410"]

1.d4 d5 2.c4 e6 3.Nf3 c5 4.e3 Nf6 5.a3 dxc4 6.Bxc4 a6 7.O-O b5 8.Ba2 Bb7
9.Qe2 Nbd7 10.Rd1 Qb8 11.Nc3 b4 12.Na4 Bc6 13.Nxc5 Nxc5 14.dxc5 Bxc5 15.axb4 Bxb4
16.Nd4 Bd7 17.e4 Bd6 18.Nf3 Bb5 19.Qd2 Bc7 20.Qg5 O-O 21.e5 Nd5 22.Bb1 f5
23.Rxd5 exd5 24.Bxf5 Qe8 25.Bf4 Bd8 26.Qg4 Be2 27.Be6+ Kh8 28.Bxd5 Rb8 29.Qg3 Bxf3
30.gxf3 Rxb2 31.Be3 Bb6 32.f4 Bxe3 33.fxe3 Qh5 34.Kh1 Rfb8 35.Rg1 g6 36.Bf3 Qh6
37.e6 Rb1 38.Bd1 Qg7 39.Qg2 Rd8 40.Qc2 Rb2 41.e7 Re8 42.Qc1 Rbb8 43.f5 Qxe7
44.fxg6 hxg6 45.Bc2 Qxe3 46.Qf1 Re6 47.Rxg6 Rxg6 48.Bxg6 Qe6 49.Qa1+ Kg8
50.Qg1 Kf8 51.Qf2+ Kg8 52.Bf7+ Qxf7 53.Qg3+ Kh7 54.Qh4+ Kg6 55.Qg3+ Kh7 56.Qh4+ Kg6
57.Qg3+ Kh6 58.Qh4+ Qh5 59.Qf4+ Kh7 60.Qxb8  1/2-1/2

[Event "DSV-Turnier"]
[Site "Berlin-Ost"]
[Date "1982.??.??"]
[Round "12"]
[White "Casper, Thomas"]
[Black "Lputian, Smbat G"]
[Result "1/2-1/2"]
[WhiteElo "2355"]
[BlackElo "2480"]

1.e4 e6 2.d4 d5 3.exd5 exd5 4.Bd3 Nc6 5.c3 Bd6 6.Ne2 Nge7 7.O-O Bg4 8.Bg5 Qd7
9.Qd2 f6 10.Bf4 O-O-O 11.Bxd6 Qxd6 12.Na3 Rhe8 13.Rfe1 Bf5 14.Bxf5+ Nxf5
15.Qf4 Qd7 16.Ng3  1/2-1/2

[Event "DSV-Turnier"]
[Site "Berlin-Ost"]
[Date "1982.??.??"]
[Round "13"]
[White "Lputian, Smbat G"]
[Black "Lukacs, Peter"]
[Result "1/2-1/2"]
[WhiteElo "2480"]
[BlackElo "2485"]

1.d4 d5 2.c4 c6 3.cxd5 cxd5 4.Nc3 Nf6 5.Nf3 Nc6 6.Bf4 Bf5 7.e3 e6 8.Bd3 Bxd3
9.Qxd3 Bd6 10.Bxd6 Qxd6 11.O-O O-O 12.Rfc1 Rfc8 13.Ne2 Ne7 14.Rxc8+ Rxc8
15.Rc1  1/2-1/2

[Event "URS-ch sf"]
[Site "Pavlodar"]
[Date "1982.??.??"]
[Round "?"]
[White "Yurtaev, Leonid"]
[Black "Lputian, Smbat G"]
[Result "1/2-1/2"]
[WhiteElo "2385"]
[BlackElo "2440"]

1.e4 e6 2.d4 d5 3.Nc3 Bb4 4.e5 Ne7 5.a3 Bxc3+ 6.bxc3 c5 7.Qg4 O-O 8.Bd3 c4
9.Bh6 Ng6 10.Bxg6 fxg6 11.Bg5 Qe8 12.Ne2 Nc6 13.h4 Qf7 14.Qg3 Qf5 15.Ra2 Bd7
16.a4 Rab8 17.h5 h6 18.Bc1 g5 19.Ba3 Rf7 20.Bd6 Rc8 21.a5 Nd8 22.Qe3 Rc6
23.f3 Ra6 24.Rf1 g4 25.Ng3 Qf4 26.Qxf4 Rxf4 27.Ne2 Rf7 28.f4 b6 29.Kf2 Nb7
30.Bb4 Rf5 31.Rfa1 b5 32.Ke3 Rxh5 33.Ng3 Rf5 34.Rh1 Bc8 35.Rh4 h5 36.Ra1 Nd8
37.Rah1 g6 38.Nxf5  1/2-1/2

[Event "URS-FL"]
[Site "Telavi"]
[Date "1982.??.??"]
[Round "17"]
[White "Vaganian, Rafael A"]
[Black "Lputian, Smbat G"]
[Result "1/2-1/2"]
[WhiteElo "2550"]
[BlackElo "2440"]

1.d4 d5 2.c4 c6 3.Nf3 Nf6 4.cxd5 cxd5 5.Nc3 Nc6 6.Bf4 Bf5 7.e3 e6 8.Bd3 Bxd3
9.Qxd3 Bd6 10.Bxd6 Qxd6 11.O-O O-O 12.Rfc1 Rfc8 13.Ne2 Ne7 14.Rxc8+ Rxc8
15.Rc1 Rxc1+ 16.Nxc1  1/2-1/2

[Event "Yerevan"]
[Site "Yerevan"]
[Date "1982.??.??"]
[Round "1"]
[White "Bagirov, Vladimir"]
[Black "Lputian, Smbat G"]
[Result "1/2-1/2"]
[WhiteElo "2495"]
[BlackElo "2440"]

1.d4 e6 2.c4 d5 3.Nc3 Be7 4.cxd5 exd5 5.Bf4 Nf6 6.e3 O-O 7.Bd3 b6 8.Nf3 c5
9.O-O Bb7 10.Ne5 Na6 11.Qf3 Nc7 12.Rad1 Ne6 13.dxc5 Nxc5 14.Bb1 Qc8 15.Qe2 Re8
16.Rfe1 Bd6 17.Nd3 Nxd3 18.Qxd3 Bxf4 19.exf4 h5 20.Rxe8+ Qxe8 21.Ne2 Qa4
22.Nd4 Re8 23.Qd2 Bc8 24.f3 Ba6  1/2-1/2

[Event "Yerevan"]
[Site "Yerevan"]
[Date "1982.??.??"]
[Round "5"]
[White "Lputian, Smbat G"]
[Black "Vladimirov, Evgeny"]
[Result "1/2-1/2"]
[WhiteElo "2440"]
[BlackElo "2495"]

1.d4 Nf6 2.c4 e6 3.Nf3 b6 4.Bf4 Bb7 5.e3 Be7 6.h3 d5 7.Nc3 Nbd7 8.cxd5 Nxd5
9.Nxd5 Bxd5 10.Ba6 O-O 11.O-O c5 12.Re1 Nf6 13.Rc1 Ne4 14.Qc2 Bd6 15.Bxd6 Qxd6
16.Bd3 f5 17.Bxe4 Bxe4 18.dxc5 Qd5 19.Qe2 bxc5 20.b3 Bxf3 21.Qxf3 Qxf3 22.gxf3 Rac8
23.Red1 Rc6 24.Rc4 Rfc8 25.Rdc1 a5 26.Ra4 Ra8 27.f4 Kf7 28.b4 c4 29.bxa5 c3
30.Kf1 Rc5 31.Ke2 Raxa5 32.Rxa5 Rxa5 33.Rc2 Kg6  1/2-1/2

[Event "Yerevan"]
[Site "Yerevan"]
[Date "1982.??.??"]
[Round "6"]
[White "Abramovic, Bosko"]
[Black "Lputian, Smbat G"]
[Result "1-0"]
[WhiteElo "2445"]
[BlackElo "2440"]

1.e4 e6 2.d4 d5 3.Nc3 Bb4 4.e5 Ne7 5.a3 Bxc3+ 6.bxc3 b6 7.Qg4 Ng6 8.h4 h5
9.Qd1 Ba6 10.Bg5 Qd7 11.Bxa6 Nxa6 12.Ne2 Qc6 13.O-O Kd7 14.f4 Raf8 15.f5 exf5
16.Qd3 Nb8 17.Rxf5 f6 18.Qh3 Ke8 19.exf6 gxf6 20.Nf4 Nxf4 21.Bxf4 Kd8 22.Qf3 Kc8
23.a4 a5 24.Rxd5 Rd8 25.Rxd8+ Rxd8 26.Qxc6 Nxc6 27.Rf1 Kd7 28.Bg3 Rg8 29.Kh2 Rg6
30.Rf5 Rh6 31.Bf4 Ne7 32.Rb5 Rh7 33.c4 Kc6 34.Bg3 f5 35.c5 Rf7 36.c4 f4 37.Bf2 f3
38.cxb6  1-0

[Event "Yerevan"]
[Site "Yerevan"]
[Date "1982.??.??"]
[Round "7"]
[White "Lputian, Smbat G"]
[Black "Sturua, Zurab"]
[Result "1/2-1/2"]
[WhiteElo "2440"]
[BlackElo "2440"]

1.d4 Nf6 2.c4 e6 3.Nf3 d5 4.Bg5 Be7 5.cxd5 exd5 6.e3 c6 7.Bd3 O-O 8.Nc3 Nbd7
9.Qc2 h6 10.h4 Re8 11.Bf4 Nf8 12.O-O-O Bg4 13.Rdg1 c5 14.Nh2 cxd4 15.exd4 Bd6
16.Be3 Rc8 17.Kb1 Bb4 18.Qb3 Bxc3 19.bxc3 Re6 20.Ka1 Rb6 21.Qa3 Bh5 22.Rb1 a6
23.Nf3 Bg6 24.Rxb6 Qxb6 25.Be2 Ne4 26.Rb1 Qe6 27.Rxb7 Nxc3 28.Bxa6 Nd1 29.h5 Bxh5
30.Re7 Rc3 31.Qxc3 Qxe7 32.Qb3 Nxe3 33.fxe3 Bxf3 34.gxf3 h5 35.Bb7 h4 36.f4 h3
37.Bxd5 h2 38.a4 Ne6 39.a5 Qh4 40.Qb8+ Kh7 41.Qb1+ g6 42.Bh1  1/2-1/2

[Event "Yerevan"]
[Site "Yerevan"]
[Date "1982.??.??"]
[Round "11"]
[White "Lputian, Smbat G"]
[Black "Espig, Lutz"]
[Result "1/2-1/2"]
[WhiteElo "2440"]
[BlackElo "2470"]

1.d4 Nf6 2.c4 d6 3.Nc3 Nbd7 4.Nf3 g6 5.Bg5 h6 6.Bh4 g5 7.Bg3 Nh5 8.e3 Bg7
9.Bd3 e6 10.Bc2 Nxg3 11.hxg3 a6 12.d5 Ne5 13.Ba4+ Kf8 14.Nxe5 Bxe5 15.Qd3 exd5
16.cxd5 b5 17.Bb3 Bd7 18.f4 Bg7 19.O-O gxf4 20.Rf3 fxe3 21.Raf1 Be8 22.Ne2 Kg8
23.Rxe3 h5 24.Nd4 Qg5 25.Nc6 Bf6 26.Ne7+ Kf8 27.Ng6+ Qxg6 28.Qxg6 fxg6 29.Rxf6+ Kg7
30.Rf1 Rh7 31.Rfe1 Kf8 32.Bc2 Rg7 33.Rf1+ Kg8 34.Rf6 Bf7  1/2-1/2

[Event "Yerevan"]
[Site "Yerevan"]
[Date "1982.??.??"]
[Round "14"]
[White "Grigorian, Karen Ashotovich"]
[Black "Lputian, Smbat G"]
[Result "1/2-1/2"]
[WhiteElo "2415"]
[BlackElo "2440"]

1.d4 d5 2.c4 e6 3.Nc3 Be7 4.Nf3 Nf6 5.Bg5 h6 6.Bh4 O-O 7.e3 b6 8.Bd3 Bb7
9.O-O Nbd7 10.Qe2 c5 11.Rfd1 cxd4 12.exd4 Nh5 13.Bxe7 Qxe7 14.cxd5 Nf4 15.Qe4 Nxd3
16.Qxd3 exd5 17.Re1 Qf6  1/2-1/2

[Event "Athens"]
[Site "Athens"]
[Date "1983.??.??"]
[Round "?"]
[White "Grivas, Efstratios"]
[Black "Lputian, Smbat G"]
[Result "1/2-1/2"]
[WhiteElo "2365"]
[BlackElo "2495"]

1.d4 Nf6 2.c4 c5 3.d5 b5 4.Bg5 g6 5.d6 exd6 6.Nc3 Bg7 7.Nxb5 O-O 8.Nf3 Bb7
9.Nxd6 Bxf3 10.gxf3 Qb6 11.Qd2 Nc6 12.Bg2 Rab8 13.Rb1 Qa6 14.b3 Nb4 15.Bxf6 Bxf6
16.Ne4 Bg7 17.O-O Qxa2 18.Rfd1  1/2-1/2

[Event "Athens"]
[Site "Athens"]
[Date "1983.??.??"]
[Round "?"]
[White "Lputian, Smbat G"]
[Black "Roos, Daniel"]
[Result "1-0"]
[WhiteElo "2495"]
[BlackElo "2415"]

1.d4 Nf6 2.c4 g6 3.Nc3 d5 4.Nf3 Bg7 5.Bg5 Ne4 6.cxd5 Nxg5 7.Nxg5 e6 8.Qd2 exd5
9.Qe3+ Kf8 10.Qf4 Bf6 11.h4 Kg7 12.e4 dxe4 13.O-O-O h6 14.Ngxe4 Be6 15.d5 Bf5
16.Nxf6 Qxf6 17.g4 Bd7 18.Qg3 Re8 19.g5 Qe5 20.gxh6+ Kxh6 21.f4 Qe3+ 22.Qxe3 Rxe3
23.h5 Na6 24.hxg6+ Kxg6 25.Bd3+ Kf6 26.d6 Nb4 27.Ne4+ Kf5 28.Rh5+ Kxf4 29.Rf1+ Rf3
30.Rh4+ Ke3 31.Re1+ Kd4 32.Nd2+ Kc5 33.Rc4+  1-0

[Event "Athens"]
[Site "Athens"]
[Date "1983.??.??"]
[Round "?"]
[White "Lputian, Smbat G"]
[Black "Inkiov, Ventzislav"]
[Result "1-0"]
[WhiteElo "2495"]
[BlackElo "2500"]

1.d4 d5 2.c4 e6 3.Nc3 Nf6 4.Bg5 Be7 5.Nf3 O-O 6.e3 h6 7.Bh4 Ne4 8.Bg3 c5
9.Bd3 cxd4 10.exd4 Nxc3 11.bxc3 b6 12.O-O Bb7 13.cxd5 Bxd5 14.c4 Bb7 15.Bc2 Nd7
16.Qd3 Nf6 17.Rfe1 Bxf3 18.gxf3 Rc8 19.Kh1 g6 20.Rxe6 Qd7 21.d5 b5 22.cxb5 Rc5
23.Bb3 fxe6 24.Qxg6+ Kh8 25.Be5  1-0

[Event "WchT U26"]
[Site "Chicago"]
[Date "1983.??.??"]
[Round "?"]
[White "Lputian, Smbat G"]
[Black "Bischoff, Klaus"]
[Result "1-0"]
[WhiteElo "2495"]
[BlackElo "2445"]

1.d4 Nf6 2.c4 e6 3.Nc3 Bb4 4.Qc2 O-O 5.a3 Bxc3+ 6.Qxc3 d6 7.g3 Nbd7 8.Bg2 Re8
9.Nf3 e5 10.dxe5 dxe5 11.O-O Qe7 12.b4 c5 13.Bb2 e4 14.Nd2 Qf8 15.Rad1 b6
16.g4 h6 17.h4 Nxg4 18.Nxe4 Bb7 19.Rxd7 Bxe4 20.f3 Nf6 21.Rxf7 Qxf7 22.fxe4 Qg6
23.e5 Nh5 24.Qd3 Qg4 25.Qe4 Qg3 26.e6 Rad8 27.e7 Rc8 28.Qd5+ Kh7  1-0

[Event "URS-ch sf"]
[Site "Irkutsk"]
[Date "1983.??.??"]
[Round "?"]
[White "Kuzmin, Gennadi P"]
[Black "Lputian, Smbat G"]
[Result "0-1"]
[WhiteElo "2510"]
[BlackElo "2495"]

1.d4 e6 2.c4 Nf6 3.Nc3 d5 4.Nf3 Be7 5.cxd5 exd5 6.Bf4 c6 7.e3 Bf5 8.Bd3 Bxd3
9.Qxd3 O-O 10.O-O Nbd7 11.h3 Ne8 12.Rab1 Bd6 13.Bg5 f6 14.Bf4 Bxf4 15.exf4 Qc7
16.f5 Nd6 17.Rfc1 Nb6 18.Nd2 Rae8 19.Nb3 Qc8 20.g4 Ne4 21.Re1 Nxc3 22.Qxc3 Rxe1+
23.Rxe1 Na4 24.Qa5 Nxb2 25.Nc5 Nc4 26.Qxa7 Rf7 27.Nd3 g6 28.fxg6 hxg6 29.Nf4 g5
30.Nh5 f5 31.Qa4 fxg4 32.Qc2 Qf5 33.Re8+ Kh7 34.Qxf5+ Rxf5 35.Re7+ Kg6 36.hxg4 Rf7
37.Re6+ Kh7 38.f4 Nd2 39.Kg2 gxf4 40.g5 f3+ 41.Kh2 Rf5 42.g6+  0-1

[Event "URS-ch sf"]
[Site "Irkutsk"]
[Date "1983.??.??"]
[Round "?"]
[White "Lputian, Smbat G"]
[Black "Arbakov, Valentin"]
[Result "1-0"]
[WhiteElo "2495"]
[BlackElo "2425"]

1.d4 Nf6 2.Nf3 e6 3.c4 d5 4.Nc3 dxc4 5.e4 Bb4 6.Bg5 b5 7.a4 c6 8.e5 h6 9.exf6 hxg5
10.fxg7 Rg8 11.h4 gxh4 12.Rxh4 Qf6 13.g3 Nd7 14.Bg2 Bb7 15.Kf1 a6 16.Ne5 Nxe5
17.dxe5 Qxe5 18.axb5 axb5 19.Rxa8+ Bxa8 20.Qa1 Qb8 21.Rh8  1-0